Maternal and Child Health Nursing : (Record no. 13566)
[ view plain ]
| 000 -LEADER | |
|---|---|
| fixed length control field | 02614cac a22004215a 4500 |
| 001 - CONTROL NUMBER | |
| control field | 15547846 |
| 005 - DATE AND TIME OF LATEST TRANSACTION | |
| control field | 20150902122819.0 |
| 008 - FIXED-LENGTH DATA ELEMENTS--GENERAL INFORMATION | |
| fixed length control field | 081203t2010 pau |db 001 0 eng |
| 010 ## - LIBRARY OF CONGRESS CONTROL NUMBER | |
| LC control number | 2008052578 |
| 020 ## - INTERNATIONAL STANDARD BOOK NUMBER | |
| International Standard Book Number | 1582559996 |
| 020 ## - INTERNATIONAL STANDARD BOOK NUMBER | |
| International Standard Book Number | 9781582559995 |
| 035 ## - SYSTEM CONTROL NUMBER | |
| System control number | (DNLM)101490741 |
| 040 ## - CATALOGING SOURCE | |
| Original cataloging agency | DNLM/DLC |
| Language of cataloging | eng |
| Transcribing agency | DLC |
| Modifying agency | DLC |
| -- | EG-ScBUE |
| 042 ## - AUTHENTICATION CODE | |
| Authentication code | pcc |
| 050 00 - LIBRARY OF CONGRESS CALL NUMBER | |
| Classification number | RG951 |
| Item number | .P637 2009 |
| 060 10 - NATIONAL LIBRARY OF MEDICINE CALL NUMBER | |
| Classification number | WY 157.3 |
| Item number | P641m 2009 |
| 082 04 - DEWEY DECIMAL CLASSIFICATION NUMBER | |
| Classification number | 610.73678 |
| Item number | PIL |
| Edition number | 22 |
| 100 1# - MAIN ENTRY--PERSONAL NAME | |
| Personal name | Pillitteri, Adele. |
| 9 (RLIN) | 12161 |
| 245 10 - TITLE STATEMENT | |
| Title | Maternal and Child Health Nursing : |
| Remainder of title | Care of the Childbearing and Childrearing Family / |
| Statement of responsibility, etc | Adele Pillitteri. |
| 250 ## - EDITION STATEMENT | |
| Edition statement | 6th ed. |
| 260 ## - PUBLICATION, DISTRIBUTION, ETC. (IMPRINT) | |
| Place of publication, distribution, etc | Philadelphia: |
| Name of publisher, distributor, etc | Lippincott William & Wilkins, |
| Date of publication, distribution, etc | c.2010. |
| 263 ## - PROJECTED PUBLICATION DATE | |
| Projected publication date | 0907 |
| 300 ## - PHYSICAL DESCRIPTION | |
| Extent | xxvii, 1778p. : |
| Other physical details | ill.; |
| Dimensions | 27 cm. |
| 500 ## - GENERAL NOTE | |
| General note | Index : p. 1739-1778. |
| 500 ## - GENERAL NOTE | |
| General note | Glossary : p.1719-1737. |
| 500 ## - GENERAL NOTE | |
| General note | Includes bibliographical references.<br/> |
| 504 ## - BIBLIOGRAPHY, ETC. NOTE | |
| Bibliography, etc | Rev. ed. of: Maternal & child health nursing. 5th ed. c2007. |
| 505 0# - FORMATTED CONTENTS NOTE | |
| Formatted contents note | A framework for maternal & child health nursing -- Sociocultural aspects of maternal and child health nursing -- The childbearing and childrearing family -- The childbearing & childrearing family in the community -- The nursing role in reproductive and sexual health -- Assisting the family with reproductive life planning -- The nursing role in genetic assessment and counseling -- Nursing care of the subfertile couple -- The growing fetus -- Psychological and physiologic changes of pregnancy -- Assessing fetal and maternal health : prenatal care -- Promoting fetal and maternal health -- Promoting nutritional health during pregnancy -- Preparing a family for childbirth and parenting -- Nursing care of a family during labor and birth -- Providing comfort during labor and birth -- Nursing care of a postpartal family -- Nursing care of a family with a newborn -- Nutritional needs of a newborn -- Nursing care of a family experiencing a pregnancy complication from a preexisting or newly acquired illness -- Nursing care of a family experiencing a sudden pregnancy complication -- Nursing care of a pregnant family with special needs -- Nursing care of a family experiencing a complication of labor or birth -- Nursing care of a family during cesarean birth. |
| 590 ## - LOCAL NOTE (RLIN) | |
| Local note | doha |
| 650 #0 - SUBJECT ADDED ENTRY--TOPICAL TERM | |
| Topical term or geographic name as entry element | Maternity nursing. |
| 9 (RLIN) | 12162 |
| Source of heading or term | BUEsh |
| 650 #0 - SUBJECT ADDED ENTRY--TOPICAL TERM | |
| Topical term or geographic name as entry element | Pediatric nursing. |
| 9 (RLIN) | 12163 |
| Source of heading or term | BUEsh |
| 650 12 - SUBJECT ADDED ENTRY--TOPICAL TERM | |
| Topical term or geographic name as entry element | Maternal-Child Nursing. |
| 9 (RLIN) | 12164 |
| Source of heading or term | BUEsh |
| 650 22 - SUBJECT ADDED ENTRY--TOPICAL TERM | |
| Topical term or geographic name as entry element | Family Health. |
| 9 (RLIN) | 12165 |
| Source of heading or term | BUEsh |
| 651 ## - SUBJECT ADDED ENTRY--GEOGRAPHIC NAME | |
| Source of heading or term | BUEsh |
| 653 ## - INDEX TERM--UNCONTROLLED | |
| Arrived date list | August2015 |
| 942 ## - ADDED ENTRY ELEMENTS (KOHA) | |
| Source of classification or shelving scheme | Dewey Decimal Classification |
| Item type | |
| Withdrawn status | Item status | Source of classification or shelving scheme | Materials specified (bound volume or other part) | Damaged status | Not for loan | Vendor | Home library | Current library | Shelving location | Date acquired | Cost, normal purchase price | Serial Enumeration / chronology | Total Checkouts | Total Renewals | Full call number | Barcode | Date last seen | Date last borrowed | Koha item type | Source of acquisition |
|---|---|---|---|---|---|---|---|---|---|---|---|---|---|---|---|---|---|---|---|---|
| Lost | Dewey Decimal Classification | Lost In Inventory 15-7-2025 | Academic Bookshop | Central Library | Central Library | First floor | 03/03/2010 | 564.00 | 3698 | 25 | 8 | 610.73678 PIL | 000019418 | 24/08/2016 | 12/03/2014 | NB - Book (Non borrowing) | ||||
| Dewey Decimal Classification | Academic Bookshop | Central Library | Central Library | First floor | 03/03/2010 | 10 | 8 | 610.73678 PIL | 000024303 | 24/08/2022 | 11/05/2011 | CD | DVD - With book (NB) |